000 00539nam a2200181 a 4500
001 2080
005 20140414131917.0
008 001109s19uu xx 00 eng d
020 _a0-02-68878-9
050 _aER
_bM68 1987
100 _aCushman, Doug
245 _aMissing mystery (The) /
_cwritten and illustrated by Dough Cushman.
260 _aNew York :
_bCheckboard Press,
_c1987.
300 _a1 v. (unp.) : ill. ; cm.
440 _aAn Inspector O'reilly Storybook
650 _aDetective stories - - Fiction.
999 _c111540
_d111540